000 00926nac a22002897a 4500
001 BR0902732
003 BR-BrBNA
005 20240105123747.0
008 230509b bl.|||m| |||| 00| 0 por d
040 _aBR-BrBNA
_bpor
_cBiblioteca Nacional de Agricultura
072 _aF01; E16
090 _a1190 BR0902732
100 1 _aOliveira, M. do S.P. de
100 1 _aFarias Neto, J.T. de
110 1 _aEMBRAPA Amazônia Oriental, Belém, PA (Brasil)
245 1 _aCultivar BRS-Pará: açaizeiro para produção de frutos em terra firme
260 3 _aBelém, PA (Brasil):
_c2005.
300 _a4 p.
490 _aComunicado Técnico - EMBRAPA Amazônia Oriental (Brazil)
_vno. 144
_xISSN 1517-2244
650 _aAÇAÍ
650 _aPRODUÇÃO VEGETAL
650 _aCULTIVO SEQUENCIAL
650 _aMATURAÇÃO
650 _aADUBAÇÃO
909 _a202312
_bLúcia Elande
_c55
_dLúcia Elande
942 _2AGRIS
_n0
_cMS
999 _c296875
_d296875